Music Quiz

Random Music or Clickable Quiz

'B' Band and Singer 10 to 1 Quiz Stats

Quiz not verified by Sporcle

Challenge
Share
Tweet
Embed
Score 0/55 Timer 06:00
0 Plays Today
% Correct
Hey Jude
97.9%
A Hard Day's Night
97.5%
Let It Be
96.9%
Yesterday
96.2%
Come Together
96.2%
Born in the U.S.A.
95.4%
I Want To Hold Your Hand
94.9%
Strawberry Fields Forever
94.8%
Born to Run
94.3%
Good Vibrations
94.3%
Surfin' USA
94%
California Girls
93.3%
Livin' On a Prayer
92.5%
A Day In the Life
92.2%
Here Comes the Sun
91%
I Get Around
90.7%
No Woman, No Cry
90.5%
You Give Love a Bad Name
90.2%
(Everything I Do) I Do It for You
89%
Dancing In the Dark
88.8%
Sabbath Bloody Sabbath
88.5%
Wanted Dead or Alive
88.4%
More Than a Feeling
88.2%
Summer of '69
88.2%
Streets of Philadelphia
88.1%
Wouldn't It Be Nice
87.9%
Kokomo
87.7%
Glory Days
85.1%
% Correct
Iron Man
85.1%
Thunder Road
84.7%
Fun, Fun, Fun
84.4%
Like a Rolling Stone
83.2%
Bad Medicine
82.7%
War Pigs
82.1%
Peggy Sue
81.6%
Paranoid
81.3%
Buffalo Soldier
80.6%
Children of the Grave
80.4%
In My Life
79.9%
Redemption Song
79.3%
Amanda
78.7%
God Only Knows
77.6%
The River
75.5%
Badlands
75.3%
Heaven and Hell
75.3%
That'll Be the Day
74%
Don't Look Back
70.4%
Three Little Birds
68%
Heaven
66.5%
Rock and Roll Band
65.5%
Peace of Mind
63.7%
Foreplay/Longtime
63.1%
I'll Be There For You
62%
N.I.B.
58.2%
Jungleland
54.8%

You're not logged in!

Compare scores with friends on all Sporcle quizzes.
Sign Up with Email
OR
Log In

You Might Also Like...

Show Comments

Extras

Top Quizzes Today


Score Distribution

Your Account Isn't Verified!

In order to create a playlist on Sporcle, you need to verify the email address you used during registration. Go to your Sporcle Settings to finish the process.